The athletic plant ; layout, equipment, and care /

Bibliographic Details
Main Author: Lamar, Emil
Format: Book
Language:English
Published: New York, London : Whittlesey House : McGraw-Hill Book Company, inc., [1938]
Series:Whittlesey House sports series.
Subjects:

MARC

Tag First Indicator Second Indicator Subfields
LEADER 00000cam a2200000 4500
001 in00000078562
005 20151008052831.0
008 761221s1938 nyua b 00010 engm
010 |a  38027372  
035 |a (OCoLC)02638858 
035 |9 AAH5091AM 
040 |a DLC  |c SUC  |d SUC  |d TXA  |d UtOrBLW 
049 |a TXAM  |c [72141] 
050 0 0 |a GV742  |b .L3 
082 0 |a 371.61 
092 |a 371.61  |b L215a 
100 1 |a Lamar, Emil. 
245 1 4 |a The athletic plant ;  |b layout, equipment, and care /  |c by Emil Lamar. 
264 1 |a New York,  |a London :  |b Whittlesey House :  |b McGraw-Hill Book Company, inc.,  |c [1938] 
264 4 |c [©1938] 
300 |a x, 302 pages :  |b illustrations, diagrams ;  |c 24 cm. 
336 |a text  |b txt  |2 rdacontent 
337 |a unmediated  |b n  |2 rdamedia 
338 |a volume  |b nc  |2 rdacarrier 
490 1 |a Whittlesey house sports series 
504 |a Bibliography at end of chapter on Leisure time activities. 
650 0 |a Athletics  |x Equipment and supplies. 
830 0 |a Whittlesey House sports series. 
999 |a MARS 
999 f f |s 35b57f73-0beb-3eb8-8e43-40228ea51295  |i f674dfa5-dd30-372e-81bc-d50fb0271e7a  |t 0 
952 f f |p ric  |a Texas A&M University  |b Rellis Campus  |c Joint Library Facility  |d Remote Storage  |t 0  |e GV742 .L3  |h Library of Congress classification  |i unmediated -- volume  |m A14800843227 
998 f f |a GV742 .L3  |t 0  |l Remote Storage